Govt. of
Madhya Pradesh

Sita and Ravana The Last Battle (Record no. 68685)

MARC details
000 -LEADER
fixed length control field 00251nam a22001097a 4500
082 ## - DEWEY DECIMAL CLASSIFICATION NUMBER
Classification number 823/KAN
100 ## - MAIN ENTRY--AUTHOR NAME
Personal name kannan,Preetha Rajah
245 ## - TITLE STATEMENT
Title Sita and Ravana The Last Battle
260 ## - PUBLICATION, DISTRIBUTION, ETC. (IMPRINT)
Place of publication Delhi
Name of publisher Jaico
Year of publication 2025
650 ## - SUBJECT ADDED ENTRY--TOPICAL TERM
Topical Term Fiction
942 ## - ADDED ENTRY ELEMENTS (KOHA)
Koha item type Books
Holdings
Withdrawn status Lost status Damaged status Not for loan Home library Current library Date acquired Cost, normal purchase price Full call number Accession Number Price effective from Koha item type
        MACL MACL 25/02/2026 499.00 823/KAN DPI004186 25/02/2026 Books